Les grands Classique de Disney - Statistiques

Statistiques générales
  • Ce quiz a été pris 95 fois
  • Le résultat moyen est 33 sur 63
Statistiques - réponses
Année de sortie en France film % Correct
1938 Blanche-Neige et les Sept Nains
100%
1950 Cendrillon
97%
1992 La Belle et la Bête
89%
1994 Le Roi Lion
85%
2010 Raiponce
85%
1990 La Petite Sirène
83%
2013 La Reine des Neiges
83%
1959 La Belle au Bois Dormant
77%
1955 La Belle et le Clochard
77%
2016 Vaiana : La Légende du Bout du Monde
76%
2010 La Princesse et la Grenouille
75%
1998 Mulan
73%
1968 Le Livre de la Jungle
72%
1953 Peter Pan
72%
1993 Aladdin
70%
1942 Bambi
69%
1971 Les Aristochats
69%
1995 Pocahontas : Une Légende Indienne
69%
1947 Dumbo
66%
1961 Les 101 Dalmatiens
66%
1999 Tarzan
66%
1997 Hercule
65%
1991 Bernard et Bianca au Pays des Kangourous
63%
1946 Fantasia
63%
1977 Les Aventures de Bernard et Bianca
63%
1946 Pinocchio
63%
2021 Encanto : La Fantastique Famille Madrigal
58%
1951 Alice au Pays des Merveilles
55%
2002 Lilo et Stitch
55%
2016 Zootopie
55%
1964 Merlin l'Enchanteur
54%
1974 Robin des Bois
54%
1996 Le Bossu de Notre-Dame
52%
2001 Kuzco, l'Empereur Mégalo
48%
1977 Les Aventures de Winnie l'Ourson
46%
2009 Volt, Star Malgré Lui
45%
2011 Winnie l'Ourson
45%
1989 Oliver et Compagnie
42%
2019 La Reine des Neiges 2
41%
1985 Taram et le Chaudron Magique
41%
1986 Basil, Détective Privé
38%
2004 Frère des Ours
37%
2002 La Planète au Trésor : Un Nouvel Univers
37%
2024 Vaiana 2
37%
2023 Wish : Asha et la Bonne Etoile
34%
2004 La Ferme se Rebelle
32%
2015 Les Nouveaux Héros
32%
1981 Rox et Rouky
32%
1999 Fantasia 2000
31%
2012 Les Mondes de Ralph
31%
2021 Raya et le Dernier Dragon
31%
2007 Bienvenue Chez les Robinson
27%
1948 Les trois Caballeros
27%
2005 Chicken Little
25%
1947 Saludos Amigos
25%
2001 Atlantide, l'Empire Perdu
24%
2000 Dinosaure
24%
1950 Coquin de Printemps
23%
1951 Mélodie Cocktail
23%
2022 Avalonia : l'Etrange Voyage
21%
1949 La boîte à Musique
20%
2003 Le Crapaud et le Maître d'Ecole
20%
2019 Ralph 2.0
17%
Aucun quiz correspondant
Distribution des résultats
% des personnes avec chaque résultat
Percentile par nombre de réponses
Votre historique - résultats
Vous n’avez pas pris ce quiz